Beyoncé - Statistiques

Statistiques générales
  • Ce quiz a été pris 639 fois
  • Le résultat moyen est 27 sur 50
Statistiques - réponses
Date Album % Correct
2022 Renaissance
90%
2024 Cowboy Carter
89%
2016 Lemonade
89%
Comment s'appelait le groupe féminin auquel elle appartenait de 1990 à 2006 ? Destiny's Child
87%
2013 Beyoncé
85%
Dans quel Disney remasterisé en 2019, Beyoncé interprète-t-elle des titres comme "Spirit" ou "Find Your Way Back" ? Le Roi Lion
85%
Pour quel président américain, Beyoncé chante-t-elle l'hymne national en 2013 ? Barack Obama
84%
Comment s'appelle sa première fille ? Blue Ivy Carter
83%
2003 Dangerously in Love
82%
En quelle année, Beyoncé a-t-elle fait le spectacle de la mi-temps du Super Bowl pour la première fois ? 2013
80%
2011 4
80%
2006 B'Day
79%
Dans quel musée, Beyoncé a-t-elle tourné son clip "Apeshit" avec Jay-Z ? Musée du Louvre
79%
Comment s'appelle sa sœur qui est aussi chanteuse ? Solange
79%
Pour quel festival, Beyoncé a-t-elle réalisé un film documentaire nommé "Homecoming" en 2019 ? Coachella
77%
Avec Beyoncé, donne moi une autre chanteuse qui composait ce groupe ? Michelle Williams
75%
Avec Beyoncé, donne moi l'autre chanteuse qui composait ce groupe ? Kelly Rowland
73%
2008 I Am... Sasha Fierce
72%
Quel est le nom de son duo avec Jay-Z ? The Carters
70%
Au total, combien a-t-elle remporté de Grammy Awards ? 32
59%
Avec quel titre solo, Beyoncé obtient-elle un Grammy Awards pour la chanson de l'année 2010 pour la première fois ? Single Ladies (Put a Ring on It)
55%
Avec quel titre solo, Beyoncé obtient-elle un Grammy Awards pour la meilleure chanson R&B en 2023 ? Cuff It
53%
Avec quel titre solo, Beyoncé obtient-elle un MTV Video Music Awards pour la meilleure chorégraphie dans un vidéoclip en 2011 ? Run the World (Girls)
53%
Quel est le nom de leur album commun sortie en 2018 ? Everything Is Love
52%
Avec qui Beyoncé interprète-t-elle le titre "Telephone" ? Lady Gaga
48%
Avec qui Beyoncé interprète-t-elle le titre "Beautiful Liar" ? Shakira
47%
Avec qui Beyoncé interprète-t-elle le titre "'03 Bonnie & Clyde" ? Jay-Z
45%
Cite-moi une chanson en duo avec Jay-Z pas citée dans ce quiz : Crazy in Love/Drunk in Love/Deja Vu/Part II/Upgrade U/HEARD ABOUT US/BLACK EFFECT/That's How You Like It/SUMMER/Family Feud/LOVEHAPPY/Hollywood/NICE/BOSS/713/FRIENDS/Welcome To Hollywood
43%
Avec qui Beyoncé interprète-t-elle le titre "Baby Boy" ? Sean Paul
43%
Comment s'appelle le titre que Beyoncé a sortie en plein mouvement de Black Lives Matter, le 19 juin 2020 ? Black Parade
41%
Avec qui Beyoncé interprète-t-elle le titre "Freedom" ? Kendrick Lamar
41%
Avec qui Beyoncé interprète-t-elle le titre "Feeling Myself" ? Nicki Minaj
41%
Quel titre de Megan Thee Stallion a eu un remix en 2020 en y incluant Beyoncé ? Savage
41%
De quelle chanteuse, Beyoncé reprend-elle le titre "Jolene" dans son dernier album ? Dolly Parton
40%
Quel est le nom du film sortie en 2006 dans lequel Beyoncé chante par exemple "One Night Only" ? Dreamgirls
39%
Avec qui Beyoncé interprète-t-elle le titre "II Most Wanted" ? Miley Cyrus
39%
Avec qui Beyoncé interprète-t-elle le titre "Levii's Jeans" ? Post Malone
39%
Cite-moi une chanson récompensée aux Grammy Awards pas citée dans ce quiz : Say My Name/Survivor/Crazy in Love/The Closer I Get to You/Dangerously in Love/So Amazing/At Last/Halo/Love on Top/Drunk in Love/Formation/Homecoming/Brown Skin Girl/Break My Soul/Plastic Off the Sofa
38%
Avec qui Beyoncé interprète-t-elle le titre "6 Inch" ? The Weeknd
35%
Avec qui Beyoncé interprète-t-elle le titre "Mine" ? Drake
34%
De quelle chanteuse de jazz et de soul, Beyoncé interprète-t-elle le rôle dans le film Cadillac Records ? Etta James
34%
Avec qui Beyoncé interprète-t-elle le titre "Perfect Duet" ? Ed Sheeran
32%
Quel titre de Willy William et de J Balvin a eu un remix en 2017 en y incluant Beyoncé ? Mi gente
31%
Quel titre a été diffusé de manière inédit dans une pub pour Pepsi où Beyoncé y figure en 2013 ? Grown Woman
28%
Avec qui Beyoncé interprète-t-elle le titre "Superpower" ? Frank Ocean
27%
Comment s'appelle le titre de Naughty Boy sortie en 2015 en collaboration avec Beyoncé et Arrow Benjamin ? Runnin' (Lose It All)
26%
Avec qui Beyoncé interprète-t-elle le titre "Ego" ? Kanye West
25%
Quelle chanson de Beyoncé reprend le titre de Donna Summer, "I Feel Love" ? SUMMER RENAISSANCE
24%
Quelle chanson nommée pour l'Oscar de la meilleure chanson originale de film, Beyoncé interprète-t-elle lors de la cérémonie des Oscars 2005 ? Vois sur ton chemin
24%
Dans le titre "Break My Soul (The Queens Remix)", en collaboration avec Madonna, quelle artiste noire est citée en première ? Rosetta Tharpe
17%
Aucun quiz correspondant
Distribution des résultats
% des personnes avec chaque résultat
Percentile par nombre de réponses
Votre historique - résultats
Vous n’avez pas pris ce quiz